[Event "Caxambu op"]
[Site "Caxambu"]
[Date "2023.07.22"]
[Round "4"]
[White "Zambotti, Eduardo Lopes"]
[Black "De Siqueira, Luigy Lira"]
[Result "1/2-1/2"]
[WhiteElo "1853"]
[BlackElo "2014"]
[PlyCount "102"]
[EventDate "2023.07.20"]
[EventType "swiss"]
[EventRounds "7"]
[EventCountry "BRA"]
[SourceTitle "CBM 215 Extra"]
[Source "ChessBase"]
[SourceDate "2023.09.30"]
[SourceVersion "1"]
[SourceVersionDate "2023.09.30"]
[SourceQuality "1"]

1. c4 c5 2. g3 Nf6 3. Bg2 d5 4. cxd5 Nxd5 5. Nc3 Nc7 6. e3 e5 7. Nge2 Nc6 8. d4 cxd4 9. Bxc6+ bxc6 10. exd4 exd4 11. Qxd4 Qxd4 12. Nxd4 Ne6 13. Be3 Nxd4 14. Bxd4 c5 15. Be3 Bb7 16. 0-0 Be7 17. f3 0-0 18. Kf2 Rab8 19. b3 Bf6 20. Rac1 Rbc8 21. Na4 Ba6 22. Rfd1 c4 23. Bxa7 Rfe8 24. bxc4 Rxc4 25. Rxc4 Bxc4 26. Rd2 Bb5 27. Nb2 Ra8 28. Bd4 Rd8 29. Ke3 Re8+ 30. Kf2 Bxd4+ 31. Rxd4 Re2+ 32. Kg1 h5 33. Nc4 Bxc4 34. Rxc4 Rxa2 35. h4 g6 36. Kf1 Kg7 37. Rc6 Kf8 38. Rc7 Kg7 39. Rc6 f6 40. Rc7+ Kh6 41. Rc6 f5 42. f4 Kg7 43. Rb6 Rd2 44. Rc6 Kf7 45. Rb6 Rd3 46. Kf2 Rd2+ 47. Kf3 Rd1 48. Kf2 Rd3 49. Ra6 Rd7 50. Ke3 Re7+ 51. Kf2 Re6 1/2-1/2

[Event "Caxambu Casa do Xadrez op"]
[Site "Caxambu"]
[Date "2022.07.22"]
[Round "2"]
[White "Zambotti, Eduardo Lopes"]
[Black "Sulz, Isaque Sathler"]
[Result "1-0"]
[WhiteElo "1851"]
[BlackElo "1800"]
[PlyCount "97"]
[EventDate "2022.07.22"]
[EventType "swiss"]
[EventRounds "6"]
[EventCountry "BRA"]
[SourceTitle "CBM 209 Extra"]
[Source "ChessBase"]
[SourceDate "2022.09.30"]
[SourceVersion "1"]
[SourceVersionDate "2022.09.30"]
[SourceQuality "1"]

1. c4 e6 2. Nc3 Nf6 3. Nf3 b6 4. g3 c5 5. Bg2 Bb7 6. 0-0 Be7 7. e3 a6 8. d4 d5 9. b3 Nbd7 10. Bb2 Qc7 11. Rc1 h5 12. cxd5 Nxd5 13. Nxd5 Bxd5 14. dxc5 bxc5 15. h4 0-0 16. Qc2 Qb7 17. Ng5 Bxg5 18. Bxd5 exd5 19. hxg5 Rfe8 20. Qf5 Re6 21. Rfd1 Rd6 22. Rc2 Re8 23. Rcd2 Qb4 24. Rxd5 g6 25. Qd3 Rxd5 26. Qxd5 Nf8 27. Qc4 Qxc4 28. bxc4 Ne6 29. Bf6 Rb8 30. Rd6 Nc7 31. Rc6 Ne8 32. Be5 Rd8 33. Rxc5 Kf8 34. Rc6 Ra8 35. c5 Ke7 36. Kg2 Kd7 37. Rb6 Rc8 38. Bd6 Rc6 39. Rb7+ Nc7 40. Kf3 Kc8 41. Rxc7+ Rxc7 42. Bxc7 Kxc7 43. Ke4 Kc6 44. Kd4 a5 45. a4 Kd7 46. Kd5 Kc7 47. c6 Kd8 48. Kd6 Kc8 49. c7 1-0

[Event "Varginha Mineiro-ch"]
[Site "Varginha"]
[Date "2020.09.07"]
[Round "7"]
[White "Zambotti, Eduardo Lopes"]
[Black "De Oliveira, Geraldo Marcilio"]
[Result "1-0"]
[WhiteElo "1879"]
[BlackElo "1800"]
[PlyCount "67"]
[EventDate "2020.09.04"]
[EventType "swiss"]
[EventRounds "7"]
[EventCountry "BRA"]
[SourceTitle "EXT 2021"]
[Source "ChessBase"]
[SourceDate "2020.10.23"]
[SourceVersion "1"]
[SourceVersionDate "2020.10.23"]
[SourceQuality "1"]

1. c4 e5 2. Nc3 Nf6 3. g3 d5 4. cxd5 Nxd5 5. Bg2 Nxc3 6. bxc3 Bc5 7. Nf3 Nc6 8. d3 0-0 9. 0-0 Rb8 10. Qc2 Bd7 11. Rd1 Qc8 12. d4 exd4 13. cxd4 Bd6 14. d5 Ne7 15. Bb2 Bh3 16. Ng5 Bf5 17. e4 f6 18. Nf3 Bh3 19. Nd4 Bxg2 20. Kxg2 Ng6 21. Qe2 Re8 22. Re1 Ne5 23. f4 Ng6 24. Qf3 Qd7 25. Nf5 Rbc8 26. Rad1 c6 27. dxc6 Rxc6 28. Qd3 Qc7 29. Nxd6 Rd8 30. Qd5+ Kf8 31. Ba3 Nxf4+ 32. gxf4 Rc2+ 33. Kh1 Qd7 34. Nf5+ 1-0

[Event "Mineiro-ch"]
[Site "Varginha"]
[Date "2019.11.17"]
[Round "6"]
[White "Zambotti, Eduardo Lopes"]
[Black "Mota, Marcos Antonio Pere"]
[Result "1-0"]
[WhiteElo "1873"]
[BlackElo "1642"]
[PlyCount "57"]
[EventDate "2019.11.14"]
[EventType "swiss"]
[EventRounds "7"]
[EventCountry "BRA"]
[SourceTitle "EXT 2021"]
[Source "ChessBase"]
[SourceDate "2020.10.23"]
[SourceVersion "1"]
[SourceVersionDate "2020.10.23"]
[SourceQuality "1"]

1. c4 e6 2. Nc3 d5 3. e3 Nf6 4. b3 Bb4 5. Nge2 c5 6. g3 Nc6 7. Bg2 0-0 8. d4 Qa5 9. Bd2 cxd4 10. exd4 Nxd4 11. a3 Nxe2 12. axb4 Nxc3 13. Bxc3 Qd8 14. 0-0 dxc4 15. bxc4 Qe7 16. Qe2 a6 17. Rfd1 Re8 18. Qe5 Qf8 19. Rd2 Nd7 20. Qc7 Re7 21. Rad1 Nf6 22. Qb6 Nd7 23. Qd6 Nf6 24. Qf4 Rd7 25. Bxf6 Rxd2 26. Rxd2 gxf6 27. Qxf6 Bd7 28. Rxd7 Rc8 29. c5 1-0

[Event "Sudeste/Centro-Oeste-ch U2000"]
[Site "Barbacena"]
[Date "2019.10.26"]
[Round "2"]
[White "Machado, Gilmar Dias"]
[Black "Zambotti, Eduardo Lopes"]
[Result "1/2-1/2"]
[WhiteElo "1840"]
[BlackElo "1809"]
[PlyCount "83"]
[EventDate "2019.10.25"]
[EventType "swiss"]
[EventRounds "6"]
[EventCountry "BRA"]
[SourceTitle "CBM 193 Extra"]
[Source "ChessBase"]
[SourceDate "2020.01.31"]
[SourceVersion "1"]
[SourceVersionDate "2020.01.31"]
[SourceQuality "1"]

1. e4 c5 2. d4 cxd4 3. c3 dxc3 4. Nxc3 Nc6 5. Bc4 e6 6. Nf3 d6 7. 0-0 Nf6 8. Qe2 a6 9. Rd1 Qc7 10. Bf4 Be7 11. Rac1 0-0 12. h3 Qb8 13. a3 b5 14. Ba2 Bb7 15. Bb1 Nd7 16. Qc2 Nde5 17. Nd5 Rc8 18. Bxe5 dxe5 19. Nxe7+ Nxe7 20. Qxc8+ Qxc8 21. Rxc8+ Rxc8 22. Rd7 Ng6 23. Rxb7 Rc1+ 24. Kh2 Rxb1 25. Rb8+ Nf8 26. Nxe5 Rd1 27. Rb6 f6 28. Nf3 Rd3 29. Rxa6 Rb3 30. Nd4 Rxb2 31. f3 e5 32. Nf5 Ra2 33. Ra7 Ne6 34. Ne7+ Kf8 35. Nd5 Nd4 36. h4 Nxf3+ 37. Kh3 Nd2 38. h5 Nxe4 39. Ra8+ Kf7 40. Ra7+ Kf8 41. Ra8+ Kf7 42. Ra7+ 1/2-1/2

[Event "Pocos de Caldas op"]
[Site "Pocos de Caldas"]
[Date "2019.02.10"]
[Round "6"]
[White "Zambotti, Eduardo Lopes"]
[Black "Martins de Aguiar, Marina"]
[Result "1/2-1/2"]
[WhiteElo "1819"]
[BlackElo "1656"]
[PlyCount "98"]
[EventDate "2019.02.08"]
[EventType "swiss"]
[EventRounds "6"]
[EventCountry "BRA"]
[SourceTitle "CBM 189 Extra"]
[Source "ChessBase"]
[SourceDate "2019.06.03"]
[SourceVersion "1"]
[SourceVersionDate "2019.06.03"]
[SourceQuality "1"]

1. c4 Nf6 2. Nc3 g6 3. g3 Bg7 4. Bg2 0-0 5. d4 d6 6. e4 e5 7. d5 Nbd7 8. Nge2 Ne8 9. 0-0 f5 10. f3 a5 11. a3 b6 12. Bd2 Ba6 13. Nb5 Bxb5 14. cxb5 Nc5 15. Qc2 a4 16. Be3 fxe4 17. fxe4 Nf6 18. h3 Nfd7 19. Rxf8+ Bxf8 20. Rf1 Nb3 21. Nc3 Ndc5 22. Bf3 Bg7 23. Bd1 Qd7 24. Kg2 Nd4 25. Qd2 Ncb3 26. Qd3 Nc5 27. Qc4 Ra5 28. Rf2 Nxb5 29. Nxb5 Qxb5 30. Qxb5 Rxb5 31. Bxc5 Rxc5 32. Bxa4 Rc4 33. Bc2 Bh6 34. Re2 Rd4 35. Kf2 Bc1 36. Bb1 Rd2 37. Rxd2 Bxd2 38. Ke2 Bc1 39. b4 Bxa3 40. b5 Kf7 41. Kf3 Kf6 42. Bd3 h6 43. Be2 h5 44. Kg2 Bb4 45. h4 Kg7 46. Kh3 Kh6 47. g4 hxg4+ 48. Kxg4 Kg7 49. Kf3 Kf6 1/2-1/2

[Event "Pocos de Caldas op"]
[Site "Pocos de Caldas"]
[Date "2019.02.09"]
[Round "3"]
[White "Di Berardino, Diego Rafael"]
[Black "Zambotti, Eduardo Lopes"]
[Result "1-0"]
[WhiteElo "2513"]
[BlackElo "1819"]
[PlyCount "51"]
[EventDate "2019.02.08"]
[EventType "swiss"]
[EventRounds "6"]
[EventCountry "BRA"]
[SourceTitle "CBM 188 Extra"]
[Source "ChessBase"]
[SourceDate "2019.02.26"]
[SourceVersion "1"]
[SourceVersionDate "2019.02.26"]
[SourceQuality "1"]

1. e4 c5 2. Nf3 Nc6 3. d4 cxd4 4. Nxd4 Nf6 5. Nc3 e6 6. a3 d6 7. Be3 Be7 8. f4 a6 9. Qf3 0-0 10. 0-0-0 Bd7 11. Rg1 b5 12. g4 Nxd4 13. Bxd4 Bc6 14. g5 Nd7 15. h4 Rb8 16. f5 exf5 17. Qxf5 Qc7 18. h5 Ne5 19. Nd5 Bxd5 20. exd5 Qd7 21. Qe4 f5 22. gxf6 Bxf6 23. Bxe5 Bxe5 24. Bd3 h6 25. Qh7+ Kf7 26. Rdf1+ 1-0

[Event "Pocos de Caldas op"]
[Site "Pocos de Caldas"]
[Date "2019.02.08"]
[Round "2"]
[White "Zambotti, Eduardo Lopes"]
[Black "Feres, Artur Cury"]
[Result "1-0"]
[WhiteElo "1819"]
[BlackElo "1620"]
[PlyCount "67"]
[EventDate "2019.02.08"]
[EventType "swiss"]
[EventRounds "6"]
[EventCountry "BRA"]
[SourceTitle "CBM 188 Extra"]
[Source "ChessBase"]
[SourceDate "2019.02.26"]
[SourceVersion "1"]
[SourceVersionDate "2019.02.26"]
[SourceQuality "1"]

1. c4 e5 2. g3 Nf6 3. Bg2 Bc5 4. Nc3 Nc6 5. e3 0-0 6. Nge2 d6 7. 0-0 Be6 8. d4 exd4 9. exd4 Bxc4 10. dxc5 dxc5 11. Be3 Nd4 12. Re1 Re8 13. Nxd4 cxd4 14. Qxd4 Qxd4 15. Bxd4 c6 16. Rxe8+ Rxe8 17. Bxa7 Nd7 18. Be3 Ne5 19. b3 Bd3 20. Rd1 Bf5 21. h3 h5 22. Bb6 Kh7 23. Ne4 Bxe4 24. Bxe4+ g6 25. Bg2 g5 26. Kf1 h4 27. gxh4 g4 28. Re1 f6 29. hxg4 Rg8 30. Be4+ Kh8 31. f3 Nd7 32. Bd4 c5 33. Bb2 b5 34. Bf5 1-0

[Event "Pocos de Caldas op"]
[Site "Pocos de Caldas"]
[Date "2018.03.02"]
[Round "2"]
[White "De Sousa, Rafaela Oliveira"]
[Black "Zambotti, Eduardo Lopes"]
[Result "0-1"]
[WhiteElo "1160"]
[BlackElo "1858"]
[PlyCount "102"]
[EventDate "2018.03.02"]
[EventType "swiss"]
[EventRounds "6"]
[EventCountry "BRA"]
[SourceTitle "CBM 183 Extra"]
[Source "ChessBase"]
[SourceDate "2018.04.19"]
[SourceVersion "1"]
[SourceVersionDate "2018.04.19"]
[SourceQuality "1"]

1. e4 e5 2. Nf3 Nc6 3. Bb5 a6 4. Bxc6 dxc6 5. Nxe5 Qd4 6. Nf3 Qxe4+ 7. Qe2 Qxe2+ 8. Kxe2 Bf5 9. d3 0-0-0 10. Re1 Re8+ 11. Kf1 Rxe1+ 12. Kxe1 Bd6 13. Bd2 c5 14. Na3 b5 15. Ng5 Nh6 16. h3 Re8+ 17. Kf1 f6 18. Nf3 Nf7 19. Re1 Rxe1+ 20. Kxe1 Ne5 21. Nh4 Be6 22. f4 Nc6 23. c4 Nd4 24. cxb5 axb5 25. Kd1 Bxa2 26. Nf3 Bb3+ 27. Ke1 Nxf3+ 28. gxf3 c6 29. Ke2 Kd7 30. Ke3 Ke6 31. d4 Kf5 32. dxc5 Bxc5+ 33. Kd3 Bd6 34. Nc2 Bxc2+ 35. Kxc2 Bxf4 36. Bb4 Kg5 37. Kd3 Be5 38. b3 Kf4 39. Ke2 Kg3 40. Bf8 g6 41. Ke3 Kxh3 42. f4 Bb2 43. Ke4 h5 44. f5 g5 45. Bc5 Kg2 46. Ke3 h4 47. Kd2 h3 48. Bd6 h2 49. Bxh2 Kxh2 50. Ke2 g4 51. Kf2 g3+ 0-1